000 00740nam a2200229Ii 4500
003 JO-AjNU
008 230605s9999||||xx |||||||||||||| ||und||
017 _a2002/1/47
020 _a9957-07-284-6
040 _aJO-AjNU
_bara
_erda
_cJO-AjNU
041 _aara
050 1 4 _aLC3965.J37 2008
100 3 _aجروان،فتحي عبد الرحمن,
_eauthor
_925948
245 0 0 _aأساليب الكشف عن الموهوبين والمتفوقين ورعايتهم
250 _aط2
264 3 1 _aعمان:دار الفكر،2008
300 _a416ص
336 _atext
_btxt
_2rdacontent
337 _aunmediated
_bn
_2rdamedia
338 _avolume
_bnc
_2rdacarrier
650 4 _aالتربية-الطلاب الموهوبين
_925949
999 _aA9771
_c13339
_d13339